Trioedd ynys Prydein : the Welsh triads /

Bibliographic Details
Other Authors: Bromwich, Rachel
Format: Book
Language:English
Welsh
Published: Cardiff : University of Wales Press, 1978.
Edition:2nd ed.
Subjects:

MARC

Tag First Indicator Second Indicator Subfields
LEADER 00000cam a2200000 a 4500
001 in00000099244
005 20150924160101.0
008 060803s1978 wlka b 00100 engm
010 |a  79374004  
015 |a GB*** 
020 |a 070830690X 
035 |a (OCoLC)05334104 
035 |9 AAL0119AM 
040 |a DLC  |c DLC  |d m.c.  |d TXA  |d UtOrBLW 
041 0 |a eng  |a wel 
049 |a TXAM  |c [1117110] 
050 0 0 |a PB2273.T73  |b T74 1978 
082 0 |a 891.6/611 
245 0 0 |a Trioedd ynys Prydein :  |b the Welsh triads /  |c edited with introduction, translation, and commentary by Rachel Bromwich. 
250 |a 2nd ed. 
264 1 |a Cardiff :  |b University of Wales Press,  |c 1978. 
300 |a cxliv, 597 pages :  |b illustrations ;  |c 22 cm. 
336 |a text  |b txt  |2 rdacontent 
337 |a unmediated  |b n  |2 rdamedia 
338 |a volume  |b nc  |2 rdacarrier 
500 |a Original text in Middle Welsh. 
500 |a Based mostly on MSS. in the National Library of Wales: triads 1-46 are from the Peniarth MS. 16; 47-69, from the White Book (Llyfr gwyn Rhydderch) or Red Book (Llyfr coch Hergest); 70-80, from Pen. 47; 81-86, from Pen. 50; and triads 87-96 are miscellaneous additions from late MSS. 
504 |a Includes bibliographical references and indexes. 
650 0 |a Welsh poetry  |y To 1550. 
650 0 |a Triads (Literature) 
700 1 |a Bromwich, Rachel. 
999 |a MARS 
999 f f |s 16fa4024-2e9c-35c9-a218-8e336e0b667f  |i 892a59fc-59a6-3a60-83de-f0de75e7fc81  |t 0 
952 f f |p normal  |a Texas A&M University  |b College Station  |c Sterling C. Evans Library  |d Evans: Library Stacks  |t 0  |e PB2273.T73 T74 1978  |h Library of Congress classification  |i unmediated -- volume  |m A14806047065 
998 f f |a PB2273.T73 T74 1978  |t 0  |l Evans: Library Stacks